000 00714nam a2200265Ia 4500
003 OSt
005 20221006140619.0
006 a|||||r|||| 00| 0
007 ta
008 221006b |||||||| |||| 00| 0 jpn d
020 _a9784639002697
024 _a197
037 _bGift, Japan Foundation
_cTextual
040 _aEASL
_cEASL
_bjpn
041 _2jpn
_ajpn
082 _aY:1v42, N6
100 _aIENAGA Saburo
_9642976
245 0 _aRekishika no mita nihon bunka
260 _aTokyo
_bYusankaku Japan
_c1996
300 _a270p.
_ccm.
490 _v JL
650 _aJL
_9642977
942 _hY:1v42, N6
_cTEXL
_2CC
999 _c1068284
_d1068284